Brána do krásného a věčného života /

Hlavní autor: Weidner, Gisela
Další autoři: Hanzelín, Vladimír, Kašparcová, Pavla.
Jazyk: Čeština
Vydáno: Sedlčany : MUDr. Karel Pejša - nakladatelství Carolus, 2022
Vydání: Vydání první
Témata:
Fyzický popis: 158 stran : barevné ilustrace ; 21 cm
Knihy
Uloženo v:
LEADER 02441nam a2200661 i 4500
001 nkc20223418725
003 CZ PrNK
005 20220630085209.0
007 ta
008 220502s2022 xr a e 000 0 cze
015 |a cnb003418725 
020 |a 978-80-907778-0-4  |q (brožováno) 
035 |a (OCoLC)1335742400 
040 |a OLA001  |b cze  |e rda 
041 1 |a cze  |h ger 
072 7 |a 133  |x Ezoterismus. Okultismus  |2 Konspekt  |9 17 
080 |a 2-584  |2 MRF 
080 |a 2-187  |2 MRF 
080 |a 130.33-025.18  |2 MRF 
080 |a 2-167  |2 MRF 
080 |a 133  |2 MRF 
080 |a 159.96  |2 MRF 
080 |a 2-664.3  |2 MRF 
080 |a (049)  |2 MRF 
100 1 |a Weidner, Gisela  |7 mzk2007385953  |4 aut 
240 1 0 |a Tor zum schönen Weiterleben.  |l Česky 
245 1 0 |a Brána do krásného a věčného života /  |c Gisela Weidner 
250 |a Vydání první 
264 1 |a Sedlčany :  |b MUDr. Karel Pejša - nakladatelství Carolus,  |c 2022 
300 |a 158 stran :  |b barevné ilustrace ;  |c 21 cm 
336 |a text  |b txt  |2 rdacontent 
337 |a bez média  |b n  |2 rdamedia 
338 |a svazek  |b nc  |2 rdacarrier 
500 |a Z němčiny přeložil Vladimír Hanzelín 
504 |a Obsahuje bibliografii 
505 2 |a Světlo v nás : 12 duchovních sil člověka / podle nauky duchovního učitele Emanuela zpracovala Pavla Kašparcová 
650 0 7 |a duchovní život  |7 ph114375  |x esoterické pojetí  |2 czenas 
650 0 7 |a posmrtný život  |7 ph115824  |x esoterické pojetí  |2 czenas 
650 0 7 |a vesmírná harmonie  |7 ph328390  |2 czenas 
650 0 7 |a duchovní bytosti  |7 ph119625  |x esoterické pojetí  |2 czenas 
650 0 7 |a channeling  |7 ph119124  |2 czenas 
650 0 7 |a synkretismus (náboženství)  |7 ph138309  |2 czenas 
650 0 9 |a spiritual life  |x esoteric approach  |2 eczenas 
650 0 9 |a life after death  |x esoteric approach  |2 eczenas 
650 0 9 |a cosmic harmony  |x esoteric approach  |2 eczenas 
650 0 9 |a spiritual beings  |x esoteric approach  |2 eczenas 
650 0 9 |a channeling  |2 eczenas 
650 0 9 |a syncretism (religion)  |2 eczenas 
655 7 |a pojednání  |7 fd133056  |2 czenas 
655 9 |a essays  |2 eczenas 
700 1 |a Hanzelín, Vladimír  |4 trl 
700 1 2 |a Kašparcová, Pavla.  |t Světlo v nás 
910 2 |a BOA001  |b 2-1487.642 
928 9 |a Carolus 
990 |a BK 
995 |a 01 
991 |b 202206  |c NOV 
996 6 |b 2610906398  |c 2-1487.642  |l MZK  |r Sklad / do 1 hodiny  |n 0  |p p.v.  |w 001890335  |u 000010  |a 1  |e BOA001  |j MZK50  |s P